000
00229nam a22000857a 4500
008
160719b xxu||||| |||| 00| 0 eng d
100
_9
3055
_a
Mohorkar, A
245
_a
A Wild Elephant at Camp
260
_a
Madras
_b
Tara Publication
_c
1996
999
_c
2618
_d
2618